| 000 | 00455nam a2200169Ia 4500 | ||
|---|---|---|---|
| 999 |
_c43676 _d43676 |
||
| 003 | 0100 | ||
| 005 | 20200313104057.0 | ||
| 008 | 130303s9999 xx 000 0 und d | ||
| 040 | _cARRUPELIB | ||
| 050 | _aBR1682.U44 F3 | ||
| 100 |
_aFaupel, J.F. _949662 |
||
| 245 |
_aAfrican Holocaust _bthe story of the Uganda Martyrs _cJ.F. Faupel |
||
| 260 |
_aLondon _bChapman _c1962 |
||
| 300 | _a242p | ||
| 650 |
_aMartyrs _zUganda _949663 |
||
| 942 |
_2lcc _cMONOGRAPH |
||